Zvýšenie účinnosti kyslíkovej delignifikácie a distribúcia neprocesových prvkov počas prania

Salvato in:
Dettagli Bibliografici
Autore principale: Kučerková, Lucia
Natura: Libro
Lingua:slovacco
Pubblicazione: Bratislava STU FCHPT 2009
Accesso online:Visualizza in OPAC
Tags: Aggiungi Tag
Nessun Tag, puoi essere il primo ad aggiungerne!!

MARC

LEADER 00000nam a2200000 a 4500
005 20260127134250.0
008 090701 2009 xo 000 0 slo d
035 |a vtls009623109 
039 9 |a 200907131051  |b mschk03  |y 200907011357  |z mschk03 
040 |a STUSCHK1  |b slo  |c STUSCHK1  |e AACR2 
100 1 |a Kučerková, Lucia 
245 1 |a Zvýšenie účinnosti kyslíkovej delignifikácie a distribúcia neprocesových prvkov počas prania  |c Lucia Kučerová 
260 |a Bratislava  |b STU FCHPT  |c 2009 
300 |a 82 s.  |b il.  |c 30cm 
500 |a Obháj.: 9.6. 2009 
500 |a Študijný program: polymérne materiály 
500 |a Študijný odbor: 5.2.18 chemické technológie 
500 |a Miesto vypracovania: Oddelenie chemickej technológie dreva, celulózy a papiera, FCHPT STU 
910 |a SCHK95 
999 |c 8248  |d 8248